000
00310nam a22001217a 4500
008
230703b xxu||||| |||| 00| 0 eng d
082
_a
342.16
_b
IPU 2005
245
_a
Constitutional & Parliamentary Information
260
_b
Interparliamentary Union
_c
2005
300
_a
121p
440
_n
190
942
_2
ddc
_c
BK
999
_c
3200
_d
3200